Girona FC Squad 2024-2025 - Statistics

General Stats
  • This quiz has been taken 242 times
    93 since last reset
  • The average score is 20 of 27
Answer Stats
# Position Nation Player % Correct
13 GK Argentina Paulo Gazzaniga
93%
17 DF Netherlands Daley Blind
90%
5 DF Spain David López
90%
6 MF Netherlands Donny van de Beek
90%
21 MF Venezuela Yangel Herrera
90%
4 DF Spain Arnau Martínez
88%
7 FW Uruguay Cristhian Stuani
88%
8 FW Ukraine Viktor Tsygankov
88%
11 FW Netherlands Arnaut Danjuma
84%
- Coach Spain Míchel
84%
25 GK Spain Pau López
84%
10 FW Colombia Yaser Asprilla
81%
9 FW Spain Abel Ruiz
79%
23 MF Spain Iván Martín
78%
3 DF Spain Miguel Gutiérrez
78%
18 DF Czech Republic Ladislav Krejčí
76%
12 MF Brazil Arthur Melo
74%
19 FW North Macedonia Bojan Miovski
74%
22 MF Colombia Jhon Solís
71%
1 GK Spain Juan Carlos
69%
14 MF Spain Oriol Romeu
67%
20 FW Spain Bryan Gil
66%
15 DF Spain Juanpe
66%
27 MF Netherlands Gabriel Misehouy
64%
16 DF Spain Alejandro Francés
53%
24 FW Spain Portu
53%
25 GK Ukraine Vladyslav Krapyvtsov
24%
No matching quizzes found
Score Distribution
Percent of People with Each Score
Percentile by Number Answered
Your Score History
You have not taken this quiz since the last reset